000 00259nam a2200109Ia 4500
008 190914s9999||||xx |||||||||||||| ||und||
100 _aJay Heizer
245 0 _aOperations Management
260 _aCanada
_bTata McGraw Hill
_c1995
300 _a364
942 _cBK
999 _c9713
_d9713